000 00844nam a2200265Ia 4500
003 OSt
005 20220923225228.0
006 a|||||r|||| 00| 0
007 ta
008 Pun
020 _c300
024 _a260,764
037 _b651, 22/03/2012, H.K. Prakashan
_cTextual
040 _aARTS
_cARTS
_bPun
041 _2Pun
_aPun
082 _aO153,3N41,HM, Q0
100 _aਕਲੋਟੀ, ਕੇਵਲ
245 0 _aਹੋਣੀ ਮਨੁੱਖੀ ਸਭਿਅਤਾ ਦੀ
260 _aਚਡਿਗੜ
_b ਲੋਕਗੀਤ ਪ੍ਰਕਾFਨ
_c2010
300 _a262ਪੰ
_ccm.
650 _a ਪੰਜਾਬੀ ਨਾਵਲ
650 _aਪੰਜਾਬੀ ਸਾਹਿਤ
942 _hO153,3N41,HM, Q0
_cTEXL
_2CC
999 _c376857
_d376857